[Event "Barcelona Canovelles U2200 op"]
[Site "Barcelona"]
[Date "2018.12.27"]
[Round "2.4"]
[White "Brusi Noguera, Ricardo Ll"]
[Black "Tornay Gomez, Raul"]
[Result "1-0"]
[WhiteElo "2083"]
[BlackElo "1856"]
[PlyCount "117"]
[EventDate "2018.12.27"]
[EventType "swiss"]
[EventRounds "8"]
[EventCountry "ESP"]
[SourceTitle "EXT 2024"]
[Source "ChessBase"]
[SourceDate "2023.10.10"]
[SourceVersion "1"]
[SourceVersionDate "2023.10.10"]
[SourceQuality "1"]

1. d4 e6 2. Bf4 Nf6 3. e3 d5 4. Nd2 c5 5. c3 Nc6 6. Ngf3 Bd6 7. Bg3 0-0 8. Bd3 cxd4 9. cxd4 Nb4 10. Bb1 b6 11. a3 Nc6 12. Bh4 Ne7 13. Bxf6 gxf6 14. h4 f5 15. Bd3 f6 16. Ng1 Qe8 17. f4 Qg6 18. g4 Qxg4 19. Ne2 Kh8 20. Qa4 e5 21. 0-0-0 exf4 22. Rdg1 Qh5 23. exf4 Qe8 24. Bb5 Qd8 25. Kb1 a6 26. Bd3 Bd7 27. Qb3 b5 28. Nf1 Qc7 29. Ne3 Bxf4 30. Nxd5 Nxd5 31. Qxd5 Bc6 32. Qxf5 Bxh1 33. Nxf4 Qe7 34. Rxh1 Rf7 35. Be4 Re8 36. Bd5 Rg7 37. Rf1 Rb8 38. Ne6 Rg6 39. h5 Rg3 40. Qxf6+ Qxf6 41. Rxf6 Rg1+ 42. Ka2 a5 43. Bc6 b4 44. axb4 axb4 45. Kb3 Rg3+ 46. Kc4 Rc8 47. d5 Rg4+ 48. Kc5 Rg2 49. b3 Rg3 50. Kxb4 Rb8+ 51. Bb5 Rg4+ 52. Rf4 Rg2 53. d6 Rd2 54. Rd4 Rxd4+ 55. Nxd4 Kg7 56. d7 Kh6 57. Ne6 Rxb5+ 58. Kxb5 Kxh5 59. d8Q 1-0

[Event "Cerdanyola del Valles op-A 24th"]
[Site "Cerdanyola del Valles"]
[Date "2006.10.14"]
[Round "3.13"]
[White "Gutierrez Luque, Lluis"]
[Black "Tornay Gomez, Raul"]
[Result "1-0"]
[WhiteElo "2040"]
[BlackElo "1940"]
[PlyCount "108"]
[EventDate "2006.09.30"]
[EventType "swiss"]
[EventRounds "8"]
[EventCountry "AUT"]
[SourceTitle "EXT 2024"]
[Source "ChessBase"]
[SourceDate "2023.10.10"]
[SourceVersion "1"]
[SourceVersionDate "2023.10.10"]
[SourceQuality "1"]

1. c4 e6 2. Nf3 Nf6 3. g3 c5 4. Bg2 Nc6 5. 0-0 Be7 6. Nc3 0-0 7. e4 d6 8. d3 a6 9. h3 Ne8 10. Be3 Bf6 11. Rb1 Qa5 12. Qb3 Nb4 13. Rfd1 Nc6 14. Bd2 Qc7 15. a3 Nd4 16. Nxd4 Bxd4 17. Ne2 Bf6 18. Bc3 Rb8 19. Bxf6 Nxf6 20. Qc3 Bd7 21. b4 b6 22. bxc5 bxc5 23. f4 Ba4 24. Rdc1 Bc6 25. Qd2 Rb7 26. Rxb7 Qxb7 27. Nc3 Rb8 28. Rb1 Qc7 29. Qc2 Nd7 30. Kh2 Rxb1 31. Qxb1 h6 32. Qc1 Qa5 33. Qb2 Qc7 34. Bf1 Qa5 35. Be2 Qc7 36. Bd1 Qb6 37. Qc1 Qa5 38. Kg2 f5 39. Kf2 fxe4 40. Nxe4 Bxe4 41. dxe4 Nf6 42. Bf3 Qb6 43. Qc2 Nd7 44. g4 Qd8 45. Kg3 e5 46. f5 Qg5 47. Qd3 Qf6 48. Qd5+ Kh7 49. h4 Nb6 50. Qd3 Qd8 51. Bd1 Qg8 52. Qxd6 Nxc4 53. Qg6+ Kh8 54. Bb3 a5 1-0